Quizzes
Events
Quiz Creation
Community
Videos
Private Events
Remove Ads
Sign In
Join for FREE
Feedback
Dark Mode
Quiz Categories
Sports
Geography
Music
Movies
Television
Just For Fun
Miscellaneous
History
Literature
Language
Science
Gaming
Entertainment
Religion
Holiday
For Kids
Quiz Lab
Recent
Popular Today
Quiz Kudos Today
Editor Picks
Curator Picks
Quizzes by...
Day
Popularity
Type
Ratings
Length
Year
Community
Subscriptions
Recent Discussions
Orange Saloon
Badges
Playlists
Quests
Create
Leaderboards
Showdown
Live 5
Trivia Bingo
Activity
Puzzle Library
Sporcle Events
Private Events
Virtual Trivia
Globe League
Become a Host
Pub Owners
SporcleCon
Opinionation
Our Games
Videos
Blog
Mobile Apps
Partnerships
Remove Ads and Go Orange
Feedback
Sports
Athletes
MLB
NBA
NHL
NFL
Soccer
Sports Teams
WWE
NCAA
Football
Premier League
Basketball
Baseball
Hockey
Golf
Tennis
Cricket
Rugby
Auto Racing
Olympics
World Cup
Sports
Athletes
MLB
NBA
NHL
NFL
Soccer
Sports Teams
WWE
NCAA
Football
Premier League
Basketball
Baseball
Hockey
Golf
Tennis
Cricket
Rugby
Auto Racing
Olympics
World Cup
Random Quiz
Search Sporcle
×
Quiz Lab
Quiz Lab
Sports
Soccer
Type in answers that appear in a list
Type in answers that appear in a list
Classic
Best Score? Go Orange.
Most assists 1998 World Cup Stats
Can you name the Most assists 1998 World Cup?
By
Almendingo
10m
25 Questions
136 Plays
136 Plays
136 Plays
Comments
Comments
Give Quiz Kudos
Give Quiz Kudos
-
- Ratings
hide this ad
Replay
Link that replays current quiz
Next Quiz
Link to next quiz in quiz playlist
You Got
0%
They Got
Avg Score
61%
Avg Friend Score
Upgrade to see
Score Distribution
Jump to the score distribution portion of the page
Score
0/25
Timer
10:00
0
Plays Today
Nationality
Player
% Correct
Brazil
Ronaldo
93.4%
Brazil
Rivaldo
91.9%
Denmark
Brian Laudrup
87.5%
Denmark
Michael Laudrup
87.5%
Netherlands
Dennis Bergkamp
86.8%
Netherlands
Frank de Boer
77.9%
Netherlands
Ronald de Boer
77.9%
Brazil
Bebeto
77.2%
France
Youri Djorkaeff
75%
Argentina
Ariel Ortega
72.1%
Argentina
Juan Sebastian Veron
69.1%
Brazil
Dunga
67.6%
Romania
Gheorghe Hagi
67.6%
Nationality
Player
% Correct
Italy
Roberto Baggio
66.2%
Croatia
Zvonimir Boban
59.6%
Mexico
Cuauhtemoc Blanco
58.8%
Germany
Oliver Bierhoff
51.5%
Brazil
Denilson
48.5%
Spain
Fernando Hierro
47.8%
Croatia
Robert Jarni
42.6%
Croatia
Aljosa Asanovic
39%
Croatia
Mario Stanic
31.6%
Netherlands
Wim Jonk
27.2%
Mexico
Ramon Ramirez
12.5%
Morocco
Tahar El-Khalej
9.6%
Quiz Playlist
Details
Report
Send in Message
Add To Playlist
Classic:
Type in answers that appear in a list
Last Updated: Feb 16, 2017
Quiz Scoreboard
CHALLENGE
Sign Up to Join the Scoreboard
Show All
Scores
Hide
Comments
May contain spoilers
Recently Published
Decade Duel: World Leaders
by jenniferyan
History
4m
Alphabetical 'K' Countries by Flag Minefield
by ylime102
Geography
3m
Pick 6: Fruits
by JohnFran
Miscellaneous
15s
More to Explore
Quiz From the Vault
Featured Blog Post
15 Basketball Trivia Facts You Can Be March Mad About
hide this ad
You Might Also Like...
Tags
Football Quiz
Soccer Quiz
World Cup Quiz
assist
Assist Leaders
World Cup 2002
Today's Top Quizzes in Sports
Browse Sports
hide this ad
Today's Top Quizzes in Soccer
Browse Soccer
Top Contributed Quizzes in Sports
1
Les joueurs à 100 buts en Ligue 1 Uber Eats
2
2022 World Cup Stars
3
Pick 6: NFL Teams
4
MLB 2 truths and a lie: Hall of Fame pitchers
5
Pick 6: Minor League Baseball
6
Millionaire: NBA Finals Edition
7
Pick 6: Olympics
8
Click the 1998 NBA Draft
9
Criteria MLB: Left Handed Sluggers
10
NBA Logic Puzzle 2.0
Explore More
Trending Topics
Crossword
Kpop
Marvel
NBA
Disney
Anime
Harry Potter
Country
WWE
The Office
NFL
Pokémon
Soccer
Song
Puzzle
hide this ad
More By:
Almendingo
Quiz
Plays
Rating
Category
Featured
Created
Italy squad World Cup 2002
656
5.00
Sports
Sep 30, 2011
Most assists 1998 World Cup
136
5.00
Sports
Sep 30, 2011
Most assists 2002 World Cup
100
5.00
Sports
Sep 30, 2011
Most assists 2010 World Cup
74
5.00
Sports
Sep 30, 2011
Name the goalscorers
35
4.20
Sports
Sep 30, 2011
Go to Creator's Profile
Score Distribution
Quiz Creator Spotlight
Almendingo
Follow
Send a Message
Quizzes Created
-
Created Quiz Play Count
-
More By This Creator
Popular Quizzes Today
1
Countries of Asia Without Outlines Minefield
2
Find the US States - No Outlines Minefield
3
Pick 6: Fruits
4
The Countries of the World
5
Alphabetical 'K' Countries by Flag Minefield
6
Find the Countries of Europe - No Outlines Minefield
7
US States
8
Find the US States
More Sports Quizzes
2010s Dallas Mavericks Top Scorers
Quiz Lab
Trending Quizzes
Pick 6: Mountains
Pick 6: Harry Potter
Pick 6: Flags
Pick 6: NFL Teams
Pick 6: Movie Franchises
Recently Updated
Adaptations: Name the Title
pecheneg
NWSL Teams
pecheneg
Women's Final Four Teams by Year
bhenderson79
Presidents Quartet II
eogle
Anything But Clue(do)
eogle
Anything But Oceanian Capitals
eogle
Anything But 7
eogle
Anything But Thing
eogle
Word Ladder: February 29
pecheneg
Song Title Questions
pecheneg
Trending Topics
Harry Potter
Disney
Kpop
Anime
Crossword
Marvel
NBA
The Office
Song
NFL
Soccer
WWE
Pokémon
Puzzle
Country
Your Account Isn't Verified!
In order to create a playlist on Sporcle, you need to verify the email address you used during registration. Go to your
Sporcle Settings
to finish the process.
Report this User
Report this user for behavior that violates our
Community Guidelines
.
Details:
Send Report
Go to the Sporcle.com Mobile Site →
Comments